书目信息 |
| 题名: |
Internet与化学信息导论
|
|
| 作者: | 李梦龙 编著 | |
| 分册: | ||
| 出版信息: | 北京 化学工业出版社 2001.04 |
|
| 页数: | 208页 | |
| 开本: | 26cm | |
| 丛书名: | ||
| 单 册: | ||
| 中图分类: | O6-7 | |
| 科图分类: | ||
| 主题词: | 化学 | |
| 电子资源: | ||
| ISBN: | 7-5025-3158-0 | |
| 000 | 00569nam0 2200193 45 | |
| 001 | 0260137594 | |
| 005 | 2002041516421643 | |
| 010 | @a7-5025-3158-0@dRMB 30.00 | |
| 100 | @a20020415d2001 km y0chiy0120 ea | |
| 101 | 0 | @achi |
| 102 | @aCN@b110000 | |
| 200 | 1 | @aInternet与化学信息导论@AInternet Yu Hua Xue Xin Xi Dao Lun@f李梦龙等编著@FLi Meng Long Deng Bian Zhu |
| 210 | @a北京@c化学工业出版社@d2001.04 | |
| 215 | @a208页@d26cm | |
| 606 | 0 | @a化学 |
| 690 | @aO6-7@v3 | |
| 701 | 0 | @a李梦龙@ALi Meng Long@4编著 |
| 801 | 0 | @aCN@bPFT@c20020415 |
| 905 | @a安徽大学@dO6-7@eL213 | |
| Internet与化学信息导论/李梦龙等编著.-北京:化学工业出版社,2001.04 |
| 208页;26cm |
| ISBN 7-5025-3158-0:RMB 30.00 |
| ● |
| 相关链接 |
|
|
|
正题名:Internet与化学信息导论
索取号:O6-7/L213
 
预约/预借
| 序号 | 登录号 | 条形码 | 馆藏地/架位号 | 状态 | 备注 |
| 1 | 353672 | 203536726 | 自科库401/401自科库 61排6列3层/ [索取号:O6-7/L213] | 在馆 | |
| 2 | 353673 | 203536735 | 自科库401/401自科库 61排6列3层/ [索取号:O6-7/L213] | 在馆 |